Schaum`s Theory & Problems Of Computer Graphics (Record no. 8332)

MARC details
000 -LEADER
fixed length control field 00471nam a2200181Ia 4500
008 - FIXED-LENGTH DATA ELEMENTS--GENERAL INFORMATION
fixed length control field 221030s9999 xx 000 0 und d
020 ## - INTERNATIONAL STANDARD BOOK NUMBER
ISBN 0071188851
041 ## - LANGUAGE CODE
Language code of text/sound track or separate title
082 ## - DEWEY DECIMAL CLASSIFICATION NUMBER
Classification number 105.23
Item number Xia
100 ## - MAIN ENTRY--AUTHOR NAME
Personal name Z. Xiang
245 #0 - TITLE STATEMENT
Title Schaum`s Theory & Problems Of Computer Graphics
Statement of responsibility, etc by Z. Xiang, R. A. Plastock
250 ## - EDITION STATEMENT
Edition statement 2nd
260 ## - PUBLICATION, DISTRIBUTION, ETC. (IMPRINT)
Name of publisher McGraw-Hill Pub.
Place of publication New Delhi
Year of publication 2001
300 ## - PHYSICAL DESCRIPTION
Number of Pages 347
650 ## - SUBJECT ADDED ENTRY--TOPICAL TERM
Topical Term BE Computer
700 ## - ADDED ENTRY--PERSONAL NAME
Personal name R. A. Plastock
942 ## - ADDED ENTRY ELEMENTS (KOHA)
Koha item type Books
Holdings
Accession Number Cost, normal purchase price Full call number Price effective from Koha item type Withdrawn / writtenoff status Materials specified (bound volume or other part) Damaged status Not for loan Permanent Location Current Location Shelving location Date acquired Lost/ Missing status department
BE 6644 199.00 105.23 Xia 10/30/2022 Books   Print   Not For Loan MIET Library, Jammu MIET Library, Jammu BL-Second, FL-1, CUP-54, SH-5, R-5 04/22/2003   BE
BE 6645 199.00 105.23 Xia 10/30/2022 Books   Print     MIET Library, Jammu MIET Library, Jammu BL-Academic Block C, FL-2, CUP-37, SH-2, R-2 04/22/2003   BE
BE 6646 199.00 105.23 Xia 10/30/2022 Books   Print     MIET Library, Jammu MIET Library, Jammu BL-Academic Block A, FL-1, CUP-37, SH-2, R-2 04/22/2003   BE
BE 6647 199.00 105.23 Xia 10/30/2022 Books   Print     MIET Library, Jammu MIET Library, Jammu BL-Academic Block C, FL-2, CUP-37, SH-2, R-2 04/22/2003   BE
BE 6648 199.00 105.23 Xia 10/30/2022 Books   Print     MIET Library, Jammu MIET Library, Jammu BL-Academic Block C, FL-2, CUP-37, SH-2, R-2 04/22/2003   BE
BE 6649 199.00 105.23 Xia 10/30/2022 Books   Print     MIET Library, Jammu MIET Library, Jammu BL-Academic Block C, FL-2, CUP-37, SH-2, R-2 04/22/2003   BE
BE 6650 199.00 105.23 Xia 10/30/2022 Books   Print     MIET Library, Jammu MIET Library, Jammu BL-Academic Block C, FL-2, CUP-37, SH-2, R-2 04/22/2003   BE
BE 6651 199.00 105.23 Xia 10/30/2022 Books   Print     MIET Library, Jammu MIET Library, Jammu BL-Academic Block C, FL-2, CUP-37, SH-2, R-2 04/22/2003   BE